India's urbanization, 1901-2001 / (Record no. 46669)
[ view plain ]
| 000 -LEADER | |
|---|---|
| fixed length control field | 00831nam a2200253 a 4500 |
| 001 - CONTROL NUMBER | |
| control field | 46669 |
| 003 - CONTROL NUMBER IDENTIFIER | |
| rucl marc code | UkOxU |
| 005 - DATE AND TIME OF LATEST TRANSACTION | |
| control field | 20211209054204.0 |
| 008 - FIXED-LENGTH DATA ELEMENTS--GENERAL INFORMATION | |
| fixed length control field | 160803s1978 ii b 001 0 eng d |
| 035 ## - SYSTEM CONTROL NUMBER | |
| System control number | (BD-RjUL)46788 |
| 040 ## - CATALOGING SOURCE | |
| Original cataloging agency | BD-RjUL |
| Language of cataloging | eng |
| Transcribing agency | BD-RjUL |
| Modifying agency | BD-RjUL |
| 041 ## - LANGUAGE CODE | |
| Language code of text/sound track or separate title | eng |
| 082 ## - DEWEY DECIMAL CLASSIFICATION NUMBER | |
| Classification number | 301.54 |
| Edition number | 23 |
| Author mark and year | BOI 1978 |
| 100 1# - MAIN ENTRY--PERSONAL NAME | |
| Personal name | Bose, Ashish. |
| 9 (RLIN) | 142285 |
| 245 10 - TITLE STATEMENT | |
| Title | India's urbanization, 1901-2001 / |
| Statement of responsibility, etc. | Ashish Bose ; assisted by Jatinder Bhatia |
| 250 ## - EDITION STATEMENT | |
| Edition statement | 2nd rev. ed. |
| 260 ## - PUBLICATION, DISTRIBUTION, ETC. (IMPRINT) | |
| Place of publication, distribution, etc. | New Delhi : |
| Name of publisher, distributor, etc. | Tata McGraw-Hill, |
| Date of publication, distribution, etc. | 1978 |
| 300 ## - PHYSICAL DESCRIPTION | |
| Pagination | xiv, 585 p ; |
| Size | 24 cm |
| 500 ## - GENERAL NOTE | |
| General note | First ed. published in 1973 under title: Studies in India's urbanization, 1901-1971 |
| 504 ## - BIBLIOGRAPHY, ETC. NOTE | |
| Bibliography, etc | Includes bibliographical references and indexes |
| 650 #0 - SUBJECT ADDED ENTRY--TOPICAL TERM | |
| Topical term or geographic name as entry element | Urbanization |
| Geographic subdivision | India |
| 9 (RLIN) | 142286 |
| 700 1# - ADDED ENTRY--PERSONAL NAME | |
| Personal name | Bhatia, Jatinder. |
| 942 ## - ADDED ENTRY ELEMENTS (KOHA) | |
| Source of classification or shelving scheme | Dewey Decimal Classification |
| Koha item type | Books |
| Lost status | Source of classification or shelving scheme | Damaged status | Not for loan | Collection code | Permanent Location | Current Location | Shelving location | Date acquired | Total Checkouts | Full call number | Date last seen | Copy number | Koha item type |
|---|---|---|---|---|---|---|---|---|---|---|---|---|---|
| Dewey Decimal Classification | Non-fiction | Central Library, University of Rajshahi | Central Library, University of Rajshahi | 05/12/1983 | 301.54 BOI 1978 | 03/08/2016 | C-2 | Books |